Transformation thermotics and extended theories : (Record no. 171781)

MARC details
000 -LEADER
fixed length control field 00994cam a2200289 i 4500
001 - CONTROL NUMBER
control field 1348188290
003 - CONTROL NUMBER IDENTIFIER
control field OSt
005 - DATE AND TIME OF LATEST TRANSACTION
control field 20250516103443.0
008 - FIXED-LENGTH DATA ELEMENTS--GENERAL INFORMATION
fixed length control field 221019s2023 si a ob 000 0 eng d
020 ## - INTERNATIONAL STANDARD BOOK NUMBER
Canceled/invalid ISBN 9789811959073 (hardcover)
024 7# - OTHER STANDARD IDENTIFIER
Terms of availability USD 54.00
040 ## - CATALOGING SOURCE
Original cataloging agency GW5XE
Language of cataloging eng
Description conventions rda
-- pn
Transcribing agency GW5XE
Modifying agency NUST
050 #4 - LIBRARY OF CONGRESS CALL NUMBER
Classification number QC311.2 XU
100 1# - MAIN ENTRY--PERSONAL NAME
Personal name Xu, Liu-Jun
Relator term Author
245 10 - TITLE STATEMENT
Title Transformation thermotics and extended theories :
Remainder of title inside and outside metamaterials /
Statement of responsibility, etc. Liu-Jun Xu, Ji-Ping Huang
260 ## - PUBLICATION, DISTRIBUTION, ETC.
Place of publication, distribution, etc. Singapore;
Name of publisher, distributor, etc. Springer,
Date of publication, distribution, etc. ©2023
300 ## - PHYSICAL DESCRIPTION
Extent x, 344 pages :
Other physical details illustrations ;
Dimensions 24 cm.
336 ## - CONTENT TYPE
Content type term text
Content type code txt
Source rdacontent
337 ## - MEDIA TYPE
Media type term computer
Media type code c
Source rdamedia
338 ## - CARRIER TYPE
Carrier type term online resource
Carrier type code cr
Source rdacarrier
504 ## - BIBLIOGRAPHY, ETC. NOTE
Bibliography, etc. note Includes bibliographical references
650 #0 - SUBJECT ADDED ENTRY--TOPICAL TERM
General subdivision Thermodynamics.
650 #0 - SUBJECT ADDED ENTRY--TOPICAL TERM
General subdivision Metamaterials --- Thermal properties.
650 #0 - SUBJECT ADDED ENTRY--TOPICAL TERM
General subdivision Thermoelectric material
700 1# - ADDED ENTRY--PERSONAL NAME
Personal name Huang, Ji-Ping,
Relator term Author
942 ## - ADDED ENTRY ELEMENTS (KOHA)
Source of classification or shelving scheme Library of Congress Classification
Koha item type Ordinary Loan Books
Classification part QC311.2 XU
Call number prefix QC
Call number suffix XU
Suppress in OPAC No
Holdings
Withdrawn status Lost status Source of classification or shelving scheme Damaged status Not for loan Collection Home library Current library Shelving location Date acquired Source of acquisition Cost, normal purchase price Total Checkouts Full call number Barcode Date last seen Accession number Cost, replacement price Price effective from Koha item type Public note
    LCC     NFIC MAIN MAIN GEN 05/16/2025 Book Aid International 54.00   QC311.2 XU 92004054571 05/16/2025 61688 54.00 05/16/2025 BOOKS Donation